000 00265nam a22001097a 4500
008 170112b xxu||||| |||| 00| 0 eng d
020 _a9780135080900
041 _aeng
080 _26TH
_a618.2
245 _aPROFESSIONAL NURSING PRACTICE
_cBLAIS, K.K
942 _2udc
_cBK
999 _c2802
_d2802